Las campanas de Orán, 1509-2009 (Record no. 181093)

MARC details
000 -LEADER
campo de control de longitud fija 01278nam a2200289 i 4500
001 - NÚMERO DE CONTROL
campo de control 181093
003 - IDENTIFICADOR DE NÚMERO DE CONTROL
campo de control ES-MaACL
005 - FECHA Y HORA DE LA ÚLTIMA TRANSACCIÓN
campo de control 20250827234002.0
008 - DATOS DE LONGITUD FIJA--INFORMACIÓN GENERAL
campo de control de longitud fija 121016s2012 sp |||| | spa d
020 ## - NÚMERO INTERNACIONAL ESTÁNDAR DEL LIBRO
Número Internacional Estándar del Libro 978-84-15595-94-6
245 04 - MENCIÓN DEL TÍTULO
Título Las campanas de Orán, 1509-2009
Resto del título : estudios en homenaje a Fatma Benhamamouche /
Mención de responsabilidad, etc. Ismet Terki-Hassaine, Emilio Sola Castaño, Alejandro R. Díez Torre y Manuel Casado Arboniés (editores).
260 ## - PUBLICACIÓN, DISTRIBUCIÓN, ETC.
Lugar de publicación, distribución, etc. Alcalá de Henares :
Nombre del editor, distribuidor, etc. Universidad de Alcalá, Servicio de Publicaciones,
Fecha de publicación, distribución, etc. [2012]
300 ## - DESCRIPCIÓN FÍSICA
Extensión 489 p. :
Otras características físicas il., mapas ;
Dimensiones 24 cm.
490 1# - MENCIÓN DE SERIE
Mención de serie Obras colectivas. Humanidades / UAH ;
Designación de volumen o secuencia 31
504 ## - NOTA DE BIBLIOGRAFÍA, ETC.
Nota de bibliografía, etc. Referencias bibliográficas.
600 14 - PUNTO DE ACCESO ADICIONAL DE MATERIA--NOMBRE DE PERSONA
Nombre de persona Benhamamouche, Fatma.
9 (RLIN) 171503
651 #4 - PUNTO DE ACCESO ADICIONAL DE MATERIA--NOMBRE GEOGRÁFICO
Nombre geográfico Orán-
Subdivisión general Historia.
9 (RLIN) 151637
651 #4 - PUNTO DE ACCESO ADICIONAL DE MATERIA--NOMBRE GEOGRÁFICO
Nombre geográfico Argelia-
Subdivisión general Relaciones-
Subdivisión geográfica España.
9 (RLIN) 7805
651 #4 - PUNTO DE ACCESO ADICIONAL DE MATERIA--NOMBRE GEOGRÁFICO
Nombre geográfico España-
Subdivisión general Relaciones-
Subdivisión geográfica Argelia.
9 (RLIN) 8456
700 1# - ENTRADA AGREGADA--NOMBRE PERSONAL
Nombre de persona Terki-Hassaine, Ismet.
9 (RLIN) 151636
700 1# - ENTRADA AGREGADA--NOMBRE PERSONAL
Nombre de persona Benhamamouche, Fatma.
9 (RLIN) 171503
830 10 - PUNTO DE ACCESO ADICIONAL DE SERIE-TÍTULO UNIFORME
Título uniforme Humanidades / UAH
Designación de volumen o secuencia 31
9 (RLIN) 224691
852 ## - LOCALIZACIÓN
Ubicación ES-MaACL
Número de control de estantería A-12311
itemnumber 187976
Sublocalización o colección R.148990
Ubicación en estantería Depósito 1
Signatura antigua Olim: N-5316
Encuadernación Donación: Alejandro R. Díez Torre
Nota libre Dedicatoria autógrafa del editor
903 ## - NOMBRE PERSONAL DE DONANTE
a Díez Torre, Alejandro R.
e Donante
9 44776
942 ## - ELEMENTOS DE ENTRADA SECUNDARIOS (KOHA)
Fuente del sistema de clasificación o colocación Clasificación decimal universal
Tipo de ítem Koha Libro impreso
Holdings
Estatus retirado Estado de pérdida Fuente del sistema de clasificación o colocación Estado de daño No para préstamo Colección Biblioteca de origen Biblioteca actual Ubicación en estantería Fecha de adquisición Fuente de adquisición Total de préstamos Signatura topográfica completa Código de barras Visto por última vez Precio de reemplazo Tipo de ítem Koha Nota pública
    Clasificación decimal universal     Libros con dedicatorias Biblioteca del Ateneo de Madrid Biblioteca del Ateneo de Madrid Depósito 1 16/10/2012 Donación   A-12311 1190304 23/02/2023 23/02/2023 Libro impreso Dedicatoria autógrafa del autor